| 000 | 00727nam a2200217 i 4500 | ||
|---|---|---|---|
| 001 | 77635 | ||
| 003 | ES-MaACL | ||
| 005 | 20230906173320.0 | ||
| 007 | t| | ||
| 008 | 041028s1998 pr ||||1| spa d | ||
| 020 | _a0-8477-0320-7 | ||
| 080 | _a78.035/.036(729.5) | ||
| 100 | 1 |
_aThompson, Donald. _9110073 |
|
| 245 | 1 | 0 |
_aConcert life in Puerto Rico _b: views and reviews / _cby Donald Thompson and Francis Schwartz. |
| 250 | _a1ยช ed. | ||
| 260 |
_aSan Juan de Puerto Rico : _bUniversidad de Puerto Rico, _c1998. |
||
| 300 |
_aXXI, 806 p. ; _c23 cm. |
||
| 650 | 1 | 4 |
_aConciertos- _zPuerto Rico. _911243 |
| 700 | 1 |
_aSchwartz, Francis. _9104867 |
|
| 852 |
_aES-MaACL _jE-10180 _bR.134408 |
||
| 999 |
_c77635 _d77635 |
||